Enciclopedia de la muchacha moderna / (Record no. 121229)

MARC details
000 -LEADER
campo de control de longitud fija 00546nam a2200169 4500
001 - NÚMERO DE CONTROL
campo de control 121229
003 - IDENTIFICADOR DE NÚMERO DE CONTROL
campo de control ES-MaACL
005 - FECHA Y HORA DE LA ÚLTIMA TRANSACCIÓN
campo de control 20230906191720.0
007 - CAMPO FIJO DE DESCRIPCIÓN FÍSICA--INFORMACIÓN GENERAL
campo de control de longitud fija t|
008 - DATOS DE LONGITUD FIJA--INFORMACIÓN GENERAL
campo de control de longitud fija 070214s1966 sp r ||||1| spa d
100 1# - ENTRADA PRINCIPAL--NOMBRE DE PERSONA
Nombre de persona Prévot, Floriane.
9 (RLIN) 93824
245 10 - MENCIÓN DEL TÍTULO
Título Enciclopedia de la muchacha moderna /
Mención de responsabilidad, etc. Floriane Prévot ; traducción de Mª Rosario González Lobo.
260 ## - PUBLICACIÓN, DISTRIBUCIÓN, ETC.
Lugar de publicación, distribución, etc. Madrid [etc.] :
Nombre del editor, distribuidor, etc. Daimón,
Fecha de publicación, distribución, etc. 1966.
300 ## - DESCRIPCIÓN FÍSICA
Extensión 244 p. :
Otras características físicas il. ;
Dimensiones 19 cm.
700 1# - ENTRADA AGREGADA--NOMBRE PERSONAL
Nombre de persona González Lobo, María Rosario.
9 (RLIN) 58761
852 ## - LOCALIZACIÓN
Ubicación ES-MaACL
Número de control de estantería C-33552
Sublocalización o colección R.64213
Holdings
Estatus retirado Estado de pérdida Estado de daño No para préstamo Colección Biblioteca de origen Biblioteca actual Ubicación en estantería Fecha de adquisición Fuente de adquisición Total de préstamos Signatura topográfica completa Código de barras Visto por última vez Precio de reemplazo Tipo de ítem Koha
        Colección de referencia Biblioteca del Ateneo de Madrid Biblioteca del Ateneo de Madrid Depósito 2 17/01/2008     C-33552 1126345 23/02/2023 23/02/2023 Libro impreso